Welcome to the Holygrace Academy Library

Please use search bar below to get started

WEEKEND DECORATING (Record no. 5905)

MARC details
000 -LEADER
fixed length control field 00385nam a22001457a 4500
020 ## - INTERNATIONAL STANDARD BOOK NUMBER
ISBN 0-446-39411-4
082 ## - DEWEY DECIMAL CLASSIFICATION NUMBER
Classification number 745
Item number LIN/L
100 ## - MAIN ENTRY--AUTHOR NAME
Personal name LINSLEY, LESLIE
245 ## - TITLE STATEMENT
Title WEEKEND DECORATING
260 ## - PUBLICATION, DISTRIBUTION, ETC. (IMPRINT)
Place of publication UNITED STATES
Name of publisher WARNER BOOKS
Year of publication 1993
300 ## - PHYSICAL DESCRIPTION
Number of Pages 354
520 ## - SUMMARY, ETC.
Summary, etc 1001 QUICK HOME DECORATING IDEAS, TIPS AND HOW - TO'S
650 ## - SUBJECT ADDED ENTRY--TOPICAL TERM
Topical Term FASHION DESIGNING
Geographic subdivision UNITED STATES
942 ## - ADDED ENTRY ELEMENTS (KOHA)
Koha item type Books
Holdings
Withdrawn status Lost status Collection code Home library Current library Shelving location Date acquired Source of acquisition Full call number Accession Number Koha item type
    Reference Main Library Main Library SHELF 15G- FASHION,COOKING 06/05/2005 purchase 745 LIN/L 01187 Books